Informácia k novele zákona o správnych poplatkoch

Zákonom č. 232/1999 Z.z. sa mení a dopĺňa zákon č. 145/1995 Z.z. o správnych poplatkoch v znení neskorších predpisov. Schválené zmeny a doplnenia sa dotýkajú paragrafového znenia i sadzobníka správnych poplatkov. Vybrané položky zo sadzobníka správnych poplatkov.

Enregistré dans:
Détails bibliographiques
Auteur principal: Krkanová, Katarína
Format: Chapitre de livre
Langue:slovaque
Sujets:
Tags: Ajouter un tag
Pas de tags, Soyez le premier à ajouter un tag!

MARC

LEADER 00000naa a2200000 4500
001 r036397
005 20230912113404.6
041 0 |a slo 
044 |a SK 
245 1 0 |a Informácia k novele zákona o správnych poplatkoch  |c Katarína Krkanová 
520 |a Zákonom č. 232/1999 Z.z. sa mení a dopĺňa zákon č. 145/1995 Z.z. o správnych poplatkoch v znení neskorších predpisov. Schválené zmeny a doplnenia sa dotýkajú paragrafového znenia i sadzobníka správnych poplatkov. Vybrané položky zo sadzobníka správnych poplatkov. 
610 2 0 |a poplatky 
610 2 0 |a správa štátna 
610 2 0 |a úpravy právne 
610 2 0 |a novelizácia 
610 2 0 |a 1999 
100 1 |a Krkanová, Katarína